Plant design and economics for chemical engineers
Đã lưu trong:
| Hovedforfatter: | |
|---|---|
| Format: | Bog |
| Sprog: | Undetermined |
| Udgivet: |
Boston, MA
McGraw-Hill
2003
|
| Fag: | |
| Tags: |
Tilføj Tag
Ingen Tags, Vær først til at tagge denne postø!
|
| Thư viện lưu trữ: | Trung tâm Học liệu Trường Đại học Cần Thơ |
|---|
| LEADER | 00593nam a2200205Ia 4500 | ||
|---|---|---|---|
| 001 | CTU_61527 | ||
| 008 | 210402s9999 xx 000 0 und d | ||
| 020 | |c 1794000 | ||
| 082 | |a 660.28 | ||
| 082 | |b P481 | ||
| 100 | |a Peters, Max S. | ||
| 245 | 0 | |a Plant design and economics for chemical engineers | |
| 245 | 0 | |c Max S. Peters, Klaus D. Timmehaus and Ronald E. West | |
| 260 | |a Boston, MA | ||
| 260 | |b McGraw-Hill | ||
| 260 | |c 2003 | ||
| 650 | |a Chemical plants | ||
| 650 | |x Design and construction | ||
| 904 | |i Minh,Hải | ||
| 980 | |a Trung tâm Học liệu Trường Đại học Cần Thơ | ||